Circuits and systems for wireless communications (Record no. 65144)
[ view plain ]
| 000 -LEADER | |
|---|---|
| fixed length control field | 01527nam a2200337Ia 4500 |
| 082 04 - DEWEY DECIMAL CLASSIFICATION NUMBER | |
| Classification number | 621.382 |
| 245 00 - TITLE STATEMENT | |
| Title | Circuits and systems for wireless communications |
| 260 ## - PUBLICATION, DISTRIBUTION, ETC. (IMPRINT) | |
| Place of publication | Boston ; |
| -- | London : |
| Name of publisher | Kluwer Academic, |
| Year of publication | c2000. |
| 300 ## - PHYSICAL DESCRIPTION | |
| Number of Pages | xvi, 387 p. : |
| Other physical details | ill. |
| 500 ## - GENERAL NOTE | |
| General note | Contains revised contributions by the speakers at the 1st IEEE Workshop on Wireless Communication Circuits and Systems, Lucerne, Switzerland, 1998. |
| 650 #0 - SUBJECT ADDED ENTRY--TOPICAL TERM | |
| Topical Term | Wireless communication systems |
| Topical Term | Radio circuits |
| 700 1# - ADDED ENTRY--PERSONAL NAME | |
| Personal name | Helfenstein, Markus. |
| Personal name | Moschytz, George S. |
| 856 40 - ELECTRONIC LOCATION AND ACCESS | |
| Uniform Resource Identifier | http://site.ebrary.com/lib/rucke/Doc?id=10053004 |
No items available.
